[Event "Championnat de France - Open D"]
[Site "Nimes"]
[Date "2009.08.22"]
[Round "11.8"]
[White "Leost, Joel"]
[Black "Laudat, Philippe"]
[Result "1/2-1/2"]
[WhiteElo "1460"]
[BlackElo "1405"]
[PlyCount "132"]

1. e4 e5 2. Nc3 Bc5 3. Bc4 Nf6 4. d3 Nc6 5. a3 Be7 6. Nf3 d6 7. Bd2 Bg4 8. Be3
a6 9. h3 Bxf3 10. Qxf3 Nd4 11. Qd1 c6 12. Ne2 Nxe2 13. Qxe2 d5 14. exd5 cxd5
15. Bb3 O-O 16. Bg5 e4 17. d4 Re8 18. Bxf6 Bxf6 19. O-O-O Qb6 20. Qe3 Rad8 21.
h4 Qe6 22. g3 Qg4 23. c3 g6 24. Kb1 Qf3 25. Qxf3 exf3 26. Rde1 Re2 27. Rxe2
fxe2 28. Re1 Kg7 29. Rxe2 Kh6 30. Bd1 Kg7 31. Kc2 b6 32. Kd3 b5 33. a4 Rb8 34.
Bb3 Rd8 35. axb5 axb5 36. Ba2 Kf8 37. f4 Bg7 38. b4 Bf6 39. Bb3 Bg7 40. Bd1 Bf6
41. Re1 Rd6 42. Kd2 h6 43. Be2 Rb6 44. Bd3 g5 45. fxg5 hxg5 46. h5 g4 47. Rf1
Kg7 48. Rf5 Kh6 49. Rxd5 Bg5+ 50. Ke1 Re6+ 51. Be2 Re3 52. Rxb5 Rxc3 53. Rb8
Kxh5 54. Rh8+ Kg6 55. d5 Rxg3 56. b5 Rb3 57. Bxg4 Rxb5 58. d6 Rd5 59. d7 f5 60.
Rg8+ Kh6 61. Bxf5 Rxf5 62. Rxg5 Rf8 63. Rg3 Rd8 64. Rd3 Kg6 65. Rg3+ Kf6 66.
Rf3+ Ke6 1/2-1/2

[Event "Championnat de France - Open D"]
[Site "Nimes"]
[Date "2009.08.22"]
[Round "11.9"]
[White "Fahys, Francis"]
[Black "Gobbe, David"]
[Result "1-0"]
[WhiteElo "1440"]
[BlackElo "1499"]
[PlyCount "71"]

1. d4 d5 2. Nf3 Nf6 3. Nc3 Nbd7 4. Bf4 e6 5. Nb5 Bb4+ 6. c3 Ba5 7. b4 c6 8.
Nd6+ Ke7 9. bxa5 Qxa5 10. Qb3 Nh5 11. Nxc8+ Rhxc8 12. Bd2 Qc7 13. g3 Kf8 14.
Qc2 Nhf6 15. Ng5 Kg8 16. Bh3 Re8 17. Bf4 Qd8 18. O-O c5 19. e4 h6 20. e5 Nh5
21. Qh7+ Kf8 22. Nf3 Nxf4 23. gxf4 f5 24. Qg6 c4 25. Kh1 Re7 26. Rg1 Qe8 27.
Nh4 Rf7 28. Qh7 Ke7 29. Rxg7 Rxg7 30. Qxg7+ Kd8 31. Qxh6 Kc7 32. Nf3 Rc8 33.
Ng5 Nf8 34. Rb1 Qg6 35. Qxg6 Nxg6 36. Nxe6+ 1-0

[Event "Championnat de France - Open D"]
[Site "Nimes"]
[Date "2009.08.22"]
[Round "11.10"]
[White "Duffaud, Celia"]
[Black "Doucet, Claude"]
[Result "0-1"]
[WhiteElo "1440"]
[BlackElo "1490"]
[PlyCount "52"]

1. c4 Nf6 2. Nc3 e6 3. g3 d5 4. b3 Bb4 5. Bb2 O-O 6. Nf3 Nbd7 7. Bg2 c6 8. O-O
Re8 9. a3 Be7 10. d3 h6 11. Nd4 Nf8 12. e4 dxe4 13. Nxe4 Nxe4 14. Bxe4 Bf6 15.
Nxc6 bxc6 16. Bxf6 Qxf6 17. Bxc6 Ba6 18. b4 Red8 19. Bxa8 Rxa8 20. Qa4 Bb7 21.
f4 Qd4+ 22. Rf2 Qxa1+ 23. Rf1 Qd4+ 24. Rf2 Qxd3 25. Qb5 Qe4 26. Rd2 Qe1# 0-1